Valuing our heritage (Record no. 107439)

MARC details
000 -LEADER
fixed length control field 01350cad a22002175a 4500
001 - CONTROL NUMBER
control field L140145
008 - FIXED-LENGTH DATA ELEMENTS--GENERAL INFORMATION
fixed length control field 070907s2007 xxk f 000 0 eng d
035 ## - SYSTEM CONTROL NUMBER
System control number (Sirsi) u140145
041 0# - LANGUAGE CODE
Language code of text/sound track or separate title eng
050 04 - LIBRARY OF CONGRESS CALL NUMBER
Classification number 336.276 $2 18
110 2# - MAIN ENTRY--CORPORATE NAME
Corporate name or jurisdiction name as entry element Kingston University
9 (RLIN) 4870
245 00 - TITLE STATEMENT
Title Valuing our heritage
Remainder of title a discussion document
Medium [electronic resource]
260 ## - PUBLICATION, DISTRIBUTION, ETC.
Place of publication, distribution, etc. Kingston
Name of publisher, distributor, etc. Kingston University
Date of publication, distribution, etc. 2007
505 2# - FORMATTED CONTENTS NOTE
Formatted contents note Introduction -- Benefits of recognition -- The challenges for preparers -- The definition and categorisation of heritage assets -- The valuation of heritage assets -- Alternatives approaches
520 ## - SUMMARY, ETC.
Summary, etc. Seeking to inform the dabate about how to whether to value heritage assets for the purposes of the balance sheets within both public and private sector organisations, this consultation document was commissioned by the RICS on the valuation of UK cultural heritage assets. Closing date 19 October 2007. (See also L132612 and L136586).
590 ## - LOCAL NOTE (RLIN)
Local note KA
651 #4 - SUBJECT ADDED ENTRY--GEOGRAPHIC NAME
Geographic name United Kingdom
Chronological subdivision
690 ## - LOCAL SUBJECT ADDED ENTRY--TOPICAL TERM (OCLC, RLIN)
Topical term or geographic name as entry element PROPERTY-PROPERTY APPRAISAL AND VALUATION
856 40 - ELECTRONIC LOCATION AND ACCESS
Uniform Resource Identifier <a href="https://cfg.org.uk/Policy/have-your-say/consultations/closed-consultations/2007/november/~/media/Files/Policy/Have%20your%20Say/Policy_CFDG_Response_Heritage_Asset_Valuing_Heritage_Discussion_Aug07.ashx">https://cfg.org.uk/Policy/have-your-say/consultations/closed-consultations/2007/november/~/media/Files/Policy/Have%20your%20Say/Policy_CFDG_Response_Heritage_Asset_Valuing_Heritage_Discussion_Aug07.ashx</a>
Public note View this item free of charge at http://new.cfdg.org.uk
942 ## - ADDED ENTRY ELEMENTS (KOHA)
Suppress in OPAC 0
Holdings
Withdrawn status Lost status Source of classification or shelving scheme Damaged status Not for loan Home library Current library Shelving location Date acquired Total Checkouts Full call number Barcode Date last seen Copy number Price effective from Koha item type
    Dewey Decimal Classification     Virtual Virtual Online 07/09/2007   ONLINE PUBLICATION 140145-1001 06/08/2019 1 06/08/2019 Book